History Quiz

Random History or Politics Quiz

Countries by 1960 Leaders Quiz Stats

 Plays Quiz Updated Sep 14, 2012

Challenge
Share
Tweet
Embed
Score 0/58 Timer 07:00
2 Plays Today
Leader Country % Correct
Dwight D. EisenhowerUnited States
99.7%
Fidel CastroCuba
90.3%
Nikita KhrushchevSoviet Union
78.1%
Gamal Abdel NasserUnited Arab Republic
74%
Kim Il-sungNorth Korea
73.3%
Charles de GaulleFrance
73%
Mao ZedongChina
69%
Ho Chi MinhNorth Vietnam
63%
David Ben GurionIsrael
60.2%
Josip TitoYugoslavia
57.8%
John XXIIIVatican City
57.1%
Francisco Franco BahamondeSpain
56.8%
Jawaharlal NehruIndia
54.8%
Wladyslaw GomulkaPoland
53.5%
Harold MacmillanUnited Kingdom
51.9%
Chiang Kai-shekTaiwan
49%
Haile SelassieEthiopia
48.2%
Ngo Dinh DiemSouth Vietnam
47.5%
Hussein IJordan
46.1%
Mohammad Reza PahlaviIran
45.2%
Saud bin Abdul AzizSaudi Arabia
44.2%
Francois DuvalierHaiti
39.9%
Konrad AdenauerWest Germany
39.2%
Walter UlbrichtEast Germany
38.9%
Antonio SegniItaly
31.7%
Ahmed SukarnoIndonesia
31.4%
Hendrik VerwoerdSouth Africa
25.5%
Robert MenziesAustralia
21.7%
Syngman RheeSouth Korea
21%
Leader Country % Correct
Antonio SalazarPortugal
19.7%
John DiefenbakerCanada
19.5%
Rafael TrujilloDominican Republic
19.3%
Enver HoxhaAlbania
18.4%
Janos KadarHungary
15.8%
Muhammad Ayub KhanPakistan
15.2%
Mohammed Zahir ShahAfghanistan
15%
Adolfo Lopez MateosMexico
14.9%
Antonin NovotnyCzechoslovakia
14.7%
Mohammed VMorocco
13.5%
Alfredo StroessnerParaguay
11.7%
Kwame NkrumahGhana
11.6%
Todor ZhivkovBulgaria
11.5%
Tage ErlanderSweden
10.3%
Habib BourguibaTunisia
9.4%
Ne WinBurma
8.9%
Arturo FrondiziArgentina
8.2%
Luis Somoza DebayleNicaragua
8.2%
Norodom SuramaritCambodia
8.1%
William TubmanLiberia
7.9%
Idris ILibya
7.7%
Juscelino KubitschekBrazil
6%
Yumjaagiin TsedenbalMongolia
5.8%
Jorge AlessandriChile
4.4%
Romulo BetancourtVenezuela
4.4%
Sekou ToureGuinea
4.4%
Adnan MenderesTurkey
3.5%
Julius RaabAustria
3.1%
Ibrahim AbboudSudan
1.8%

You're not logged in!

Compare scores with friends on all Sporcle quizzes.
Join for Free
OR
Log In

You Might Also Like...

Show Comments

Extras

Top Quizzes Today


Score Distribution

Your Account Isn't Verified!

In order to create a playlist on Sporcle, you need to verify the email address you used during registration. Go to your Sporcle Settings to finish the process.

Report this User

Report this user for behavior that violates our Community Guidelines.

Details: